| 000 | 00507nam a22001937a 4500 | ||
|---|---|---|---|
| 003 | MPLRDC | ||
| 005 | 20220104143246.0 | ||
| 008 | 210129b ||||| |||| 00| 0 eng d | ||
| 020 | _a9971-955-58-X | ||
| 082 | _a859.6 SJMJ v.10 c.2 | ||
| 100 | _a蔡欣编写; 晨阳绘图 | ||
| 245 |
_a公主的故事 _c |
||
| 250 | _a初版二刷 | ||
| 260 |
_a _b新加坡新闻与出版有限公司 _c1984 |
||
| 300 | _b平 | ||
| 490 | _a世界民间故事选集 | ||
| 650 | _a | ||
| 942 |
_cBK _o859.6 SJMJ v.10 c.2 |
||
| 999 |
_c38147 _d38137 |
||